000 00523nam a2200169Ia 4500
999 _c416
_d416
003 OSt
005 20211105105552.0
008 190216s9999||||xx |||||||||||||| ||und||
040 _coclc
082 _a892.78
_bALA/A
100 _aAl Ansari, Abdullah Ibn Ibrahim
_98748
245 0 _aAdahik Al Anwaru Wa Mathalih Al Asrar /
_cAbdullah Ibn Ibrahim Al Ansari
260 _bSahib Al-Saybani Al-Sheikh Khalif Bin,
300 _a429p
650 _aArabic
942 _cBK
_2ddc
_h892.78
_iALA/A
_k892.78
_mALA/A